Inside corporate innovation : Strategy, structure, and managerial skills
Uloženo v:
| Hlavní autor: | |
|---|---|
| Médium: | Kniha |
| Jazyk: | Undetermined |
| Vydáno: |
New York
The Free Press
1986
|
| Témata: | |
| Tagy: |
Přidat tag
Žádné tagy, Buďte první, kdo otaguje tento záznam!
|
| Thư viện lưu trữ: | Trung tâm Học liệu Trường Đại học Cần Thơ |
|---|
| LEADER | 00551nam a2200193Ia 4500 | ||
|---|---|---|---|
| 001 | CTU_78131 | ||
| 008 | 210402s9999 xx 000 0 und d | ||
| 082 | |a 658.4 | ||
| 082 | |b B954 | ||
| 100 | |a Burgelman, Robert A. | ||
| 245 | 0 | |a Inside corporate innovation : | |
| 245 | 0 | |b Strategy, structure, and managerial skills | |
| 245 | 0 | |c Robert A. Burgelman | |
| 260 | |a New York | ||
| 260 | |b The Free Press | ||
| 260 | |c 1986 | ||
| 650 | |a Technological innovations | ||
| 650 | |x Management | ||
| 980 | |a Trung tâm Học liệu Trường Đại học Cần Thơ | ||